00849nam a2200205Ia 4500003000900000008004100009020001800050040001600068080002300084111006000107245026800167260003700435300001500472490005100487650001700538650002400555650001900579700002000598700002500618IN-BaIIA211028s9999 xx 000 0 eng d a0-7923-4985-7 cIIA Library a52(082.1)bASS-229 aYohkoh Anniversary Symposiumn5thcJapand1996 Nov. 6-8 0aObservational plasma astrophysics-five years of Yohkoh and beyondbproceedings of the Yohkoh fifth anniversary symposium held in Yoyogi, Tokyo, Japan, 6-8 Nov 1996cedited by T. Watanabe, Kosugi T., A. C. Sterling  aDordrechtbKluwer Academicc1998 axii, 398p. aAstrophysics and space science library; v. 229 aAstrophysics aPlasma astrophysics aPlasma physics aKosugi, T., ed. aSterling, A. C., ed.